Тарифно-квалификационные характеристики общеотраслевых должностей служащих и общеотраслевых профессий рабочих: Издание официальное

Podrobná bibliografie
Jazyk:ruština
Vydáno: Москва, [Б. и.], 1999
Vydání:3-е изд., с доп. и изм.
Témata:
Médium: Kniha
KOHA link:https://koha.lib.tpu.ru/cgi-bin/koha/opac-detail.pl?biblionumber=14879

MARC

LEADER 00000nam0a2200000 4500
001 14879
005 20231030185900.0
035 |a (RuTPU)RU\TPU\book\14978 
035 |a BOOK00000066 
090 |a 14879 
100 |a 20011209d1999 k a0rusy50 ca 
101 0 |a rus 
102 |a RU 
105 |a y g 000zy 
200 1 |a Тарифно-квалификационные характеристики общеотраслевых должностей служащих и общеотраслевых профессий рабочих  |e Издание официальное 
205 |a 3-е изд., с доп. и изм. 
210 |a Москва  |d 1999  |c [Б. и.] 
215 |a 240 с. 
610 1 |a экономика 
610 1 |a квалификация 
610 1 |a профессии 
610 1 |a должности 
610 1 |a рабочие служащие 
610 1 |a справочники 
610 1 |a труд 
686 |a У9(2)240.3я2  |v LBC/SL-A  |2 rubbk 
801 0 |a RU  |b 63413507  |c 20011209  |g PSBO 
801 2 |a RU  |b 63413507  |c 20100820  |g PSBO 
942 |c BK